El Pedómano, 1857-1945 (Record no. 113760)
[ view plain ]
| 000 -LEADER | |
|---|---|
| campo de control de longitud fija | 00674nam a2200217 i 4500 |
| 001 - NÚMERO DE CONTROL | |
| campo de control | 113760 |
| 003 - IDENTIFICADOR DE NÚMERO DE CONTROL | |
| campo de control | ES-MaACL |
| 005 - FECHA Y HORA DE LA ÚLTIMA TRANSACCIÓN | |
| campo de control | 20250820122703.0 |
| 007 - CAMPO FIJO DE DESCRIPCIÓN FÍSICA--INFORMACIÓN GENERAL | |
| campo de control de longitud fija | t| |
| 008 - DATOS DE LONGITUD FIJA--INFORMACIÓN GENERAL | |
| campo de control de longitud fija | 061121s1970 sp af |||| |bspa d |
| 080 ## - NÚMERO DE LA CLASIFICACIÓN DECIMAL UNIVERSAL | |
| Número de la Clasificación Decimal Universal | 929 Pujol, Joseph |
| 100 1# - ENTRADA PRINCIPAL--NOMBRE DE PERSONA | |
| Nombre de persona | Nohain, Jean. |
| 9 (RLIN) | 85898 |
| 245 13 - MENCIÓN DEL TÍTULO | |
| Título | El Pedómano, 1857-1945 |
| Resto del título | : su vida, su obra / |
| Mención de responsabilidad, etc. | Jean Nohain, F. Caradec ; traducción de Ana Cela. |
| 260 ## - PUBLICACIÓN, DISTRIBUCIÓN, ETC. | |
| Lugar de publicación, distribución, etc. | Madrid : |
| Nombre del editor, distribuidor, etc. | Alfaguara, |
| Fecha de publicación, distribución, etc. | 1970. |
| 300 ## - DESCRIPCIÓN FÍSICA | |
| Extensión | 100 p., 7 lám. : |
| Otras características físicas | il. ; |
| Dimensiones | 18 cm. |
| 600 17 - PUNTO DE ACCESO ADICIONAL DE MATERIA--NOMBRE DE PERSONA | |
| Nombre de persona | Pujol, Joseph, |
| Fechas asociadas al nombre | 1857-1945 |
| Fuente del encabezamiento o término | |
| 9 (RLIN) | 161523 |
| 700 1# - ENTRADA AGREGADA--NOMBRE PERSONAL | |
| Nombre de persona | Caradec, François. |
| 9 (RLIN) | 141155 |
| 700 1# - ENTRADA AGREGADA--NOMBRE PERSONAL | |
| Nombre de persona | Cela, Ana. |
| 9 (RLIN) | 37335 |
| 852 ## - LOCALIZACIÓN | |
| Ubicación | ES-MaACL |
| Número de control de estantería | C-49625 |
| Estatus retirado | Estado de pérdida | Estado de daño | No para préstamo | Biblioteca de origen | Biblioteca actual | Ubicación en estantería | Fecha de adquisición | Fuente de adquisición | Total de préstamos | Signatura topográfica completa | Código de barras | Visto por última vez | Precio de reemplazo | Tipo de ítem Koha |
|---|---|---|---|---|---|---|---|---|---|---|---|---|---|---|
| Biblioteca del Ateneo de Madrid | Biblioteca del Ateneo de Madrid | Depósito 2 | 17/01/2008 | C-49625 | 1118643 | 23/02/2023 | 23/02/2023 | Libro impreso |
